COPING WITH CATASTROPHE A HANDBOOK PF POST-DISASTER PSYCHOSOCIAL AFFERCARE (Record no. 4419)

MARC details
000 -LEADER
fixed length control field 00401nam a22001457a 4500
003 - CONTROL NUMBER IDENTIFIER
control field OSt
005 - DATE AND TIME OF LATEST TRANSACTION
control field 20210916142747.0
008 - FIXED-LENGTH DATA ELEMENTS--GENERAL INFORMATION
fixed length control field 210916b |||||||| |||| 00| 0 eng d
020 ## - INTERNATIONAL STANDARD BOOK NUMBER
International Standard Book Number 0-415-16853-8
040 ## - CATALOGING SOURCE
Original cataloging agency DDC
Transcribing agency HU
082 ## - DEWEY DECIMAL CLASSIFICATION NUMBER
Edition number 2ND
Classification number 363.348
Item number 1
100 ## - MAIN ENTRY--PERSONAL NAME
Personal name HODGKINSON PETER E.
9 (RLIN) 4336
245 ## - TITLE STATEMENT
Title COPING WITH CATASTROPHE A HANDBOOK PF POST-DISASTER PSYCHOSOCIAL AFFERCARE
942 ## - ADDED ENTRY ELEMENTS (KOHA)
Source of classification or shelving scheme Dewey Decimal Classification
Koha item type Books like text book referance book
Suppress in OPAC No

No items available.